| 000 | 00395 a2200133 4500 | ||
|---|---|---|---|
| 003 | Nust | ||
| 005 | 20170207171614.0 | ||
| 040 | _cNust | ||
| 082 | _a799 | ||
| 245 |
_a34-Traning on UGS Systems,Tea Break with Comdt,Photographs-2016 _cMCS |
||
| 260 |
_aRawalpindi _bMCS _c25-02-2016 |
||
| 650 | _a34-Traning on UGS Systems,Tea Break with Comdt,Photographs-2016 DVD No 26 (VOL-I) | ||
| 651 | _aSweet Memories-MCS | ||
| 942 | _cBK | ||
| 999 |
_c217802 _d217802 |
||